000 01382nam a22001457a 4500
999 _c521008
_d521008
008 221207b ||||| |||| 00| 0 eng d
100 _aBravo, Monica Martinez et al
_935798
245 _aThe rise and fall of local elections in China
260 _aThe American Economic Review
300 _a112(9), Sep, 2022: p.2921-2958
520 _aWe posit that autocrats introduce local elections when their bureaucratic capacity is low. Local elections exploit citizens' informational advantage in keeping local officials accountable, but they also weaken vertical control. As bureaucratic capacity increases, the autocrat limits the role of elected bodies to regain vertical control. We argue that these insights can explain the introduction of village elections in rural China and the subsequent erosion of village autonomy years later. We construct a novel dataset to document political reforms, policy outcomes, and de facto power for almost four decades. We find that the introduction of elections improves popular policies and weakens unpopular ones. Increases in regional government resources lead to loss of village autonomy, but less so in remote villages. These patterns are consistent with an organizational view of local elections within autocracies. – Reproduced
773 _aThe American Economic Review
906 _aPOLITICS AND GOVERNMENT - CHINA
942 _cAR